[Event "ODJM A 2014"]
[Site "Magdeburg GER"]
[Date "2014.06.09"]
[Round "3"]
[White "Wiese, Tobias"]
[Black "Garbuz, Vitaliy"]
[Result "1/2-1/2"]
[Termination "normal"]
[Board "28"]
[WhiteElo "1548"]
[BlackElo "1627"]
[PlyCount "86"]
[WhiteFideId "12974382"]
[BlackFideId "12990710"]
[EventCountry "GER"]
[EventRounds "9"]
[EventType "swiss"]
[EventDate "2014.06.07"]

1. d4 d5 2. c4 e6 3. Nc3 c5 4. cxd5 cxd4 5. Qxd4 Nc6 6. Qd2 exd5 7. Nxd5 Nf6 8.
Nxf6+ Qxf6 9. a3 Be6 10. Nf3 Bc5 11. Qg5 Qxg5 12. Bxg5 f6 13. Bd2 Rd8 14. e3 a6
15. Rc1 Bb6 16. Bc4 Bd5 17. Bxd5 Rxd5 18. O-O Kf7 19. Bc3 Rhd8 20. e4 Rd3 21.
h3 Ke6 22. Rfe1 Bc7 23. Nh4 g6 24. Nf3 Bf4 25. Rc2 g5 26. Rce2 h5 27. e5 f5 28.
Nh2 R8d5 29. g3 Bd2 30. Bxd2 Rxd2 31. Nf3 Rxe2 32. Nxg5+ Ke7 33. Rxe2 Rxe5 34.
Kf1 Kf6 35. Nf3 Rb5 36. Rd2 Rb3 37. Nh2 Kg5 38. Rd6 f4 39. gxf4+ Kxf4 40. Rh6
Kg5 41. Rd6 Rxh3 42. Kg2 Rb3 43. Rd2 Kf4 1/2-1/2

[Event "ODJM A 2014"]
[Site "Magdeburg GER"]
[Date "2014.06.09"]
[Round "3"]
[White "Möller, Hannah"]
[Black "Reck, Jessica"]
[Result "1-0"]
[Termination "normal"]
[Board "29"]
[WhiteElo "1577"]
[BlackElo "1613"]
[PlyCount "74"]
[WhiteFideId "1270514"]
[BlackFideId "12917931"]
[EventCountry "GER"]
[EventRounds "9"]
[EventType "swiss"]
[EventDate "2014.06.07"]

1. c4 Nf6 2. g3 g6 3. Bg2 Bg7 4. e3 O-O 5. Ne2 d6 6. O-O c6 7. Nbc3 Nbd7 8. d4
e5 9. Rb1 Re8 10. b3 Rb8 11. Bb2 Qe7 12. Qc2 Ng4 13. h3 Nh6 14. Rbd1 Nf5 15.
Ba3 Qf6 16. Ne4 Qe7 17. Rfe1 Qd8 18. dxe5 dxe5 19. Qd2 b6 20. Nd6 Nxd6 21. Bxd6
a5 22. Bxb8 Bf8 23. Bd6 Bxd6 24. Qxd6 Re6 25. Qd2 Kf8 26. Nc3 Ke7 27. Ne4 Qc7
28. Qe2 h6 29. Rd2 f5 30. Nc3 Nc5 31. Na4 f4 32. Nxc5 bxc5 33. Red1 fxg3 34.
fxg3 e4 35. Qg4 Qe5 36. h4 Qc3 37. Qe2 h5 1-0

[Event "ODJM A 2014"]
[Site "Magdeburg GER"]
[Date "2014.06.09"]
[Round "3"]
[White "Maurer, Noah"]
[Black "Bossert, Felix"]
[Result "0-1"]
[Termination "normal"]
[Board "30"]
[WhiteElo "1823"]
[BlackElo "1531"]
[PlyCount "82"]
[WhiteFideId "12920673"]
[BlackFideId "12960977"]
[EventCountry "GER"]
[EventRounds "9"]
[EventType "swiss"]
[EventDate "2014.06.07"]

1. e4 c5 2. Nf3 d6 3. d4 cxd4 4. Nxd4 Nf6 5. Nc3 g6 6. Be2 Bg7 7. Be3 Nc6 8.
Nb3 Bd7 9. f4 a6 10. O-O O-O 11. Bf3 Rc8 12. Nd5 Nxd5 13. exd5 Nb8 14. c3 b5
15. a3 a5 16. Qd2 Na6 17. Nd4 Nc5 18. Qe2 Bxd4 19. Bxd4 Nb3 20. Rad1 Nxd4 21.
Rxd4 f6 22. Re4 Rf7 23. Re1 Kf8 24. Qe3 f5 25. Rd4 Qc7 26. Be2 Qc5 27. Rf1 Ra8
28. Kf2 Kg7 29. c4 b4 30. Ra1 bxa3 31. Rxa3 Kf6 32. Rdd3 Qxc4 33. Rdc3 Qb4 34.
Rc7 Bc8 35. Rb3 Qe4 36. Qxe4 fxe4 37. Ke3 a4 38. Ra3 h5 39. Kxe4 Bf5+ 40. Kd4
e5+ 41. fxe5+ dxe5+ 0-1

[Event "ODJM A 2014"]
[Site "Magdeburg GER"]
[Date "2014.06.09"]
[Round "3"]
[White "Kovac, Laura"]
[Black "Greßmann, Hanna"]
[Result "1/2-1/2"]
[Termination "normal"]
[Board "31"]
[WhiteElo "1602"]
[BlackElo "1551"]
[PlyCount "45"]
[WhiteFideId "12938882"]
[BlackFideId "12930709"]
[EventCountry "GER"]
[EventRounds "9"]
[EventType "swiss"]
[EventDate "2014.06.07"]

1. e4 e5 2. Nf3 Nc6 3. Bc4 Bc5 4. Nc3 Nf6 5. d3 h6 6. Be3 Bb6 7. a3 d6 8. O-O
Bg4 9. h3 Bh5 10. Nd5 Nxd5 11. Bxd5 Qf6 12. c3 O-O 13. Qe2 Ne7 14. g4 Qg6 15.
Kh2 Bxg4 16. hxg4 Qxg4 17. Rg1 Qh5+ 18. Kg2 Qg4+ 19. Kf1 Qh3+ 20. Rg2 Kh8 21.
Ng1 Qh4 22. Qf3 c6 23. Rg4 1/2-1/2

[Event "ODJM A 2014"]
[Site "Magdeburg GER"]
[Date "2014.06.12"]
[Round "7"]
[White "Kaplun, David"]
[Black "Berchtenbreiter, Maximilian"]
[Result "1/2-1/2"]
[Termination "normal"]
[Board "1"]
[BlackTitle "IM"]
[WhiteElo "1800"]
[BlackElo "2396"]
[WhiteClock "00:18:18"]
[BlackClock "00:32:37"]
[PlyCount "123"]
[WhiteFideId "12901954"]
[BlackFideId "24641120"]
[EventCountry "GER"]
[EventRounds "9"]
[EventType "swiss"]
[EventDate "2014.06.07"]

1. d4 Nf6 2. c4 a6 3. Nc3 c5 4. dxc5 e6 5. e4 Qc7 6. b4 Qe5 7. Bd2 Nxe4 8. Qe2
f5 9. f3 a5 10. fxe4 axb4 11. Nf3 Qxc5 12. Nb5 b3 13. Bc3 fxe4 14. Ne5 Rxa2 15.
Rxa2 bxa2 16. Qxa2 Nc6 17. Qf2 Qxf2+ 18. Kxf2 Bc5+ 19. Ke1 O-O 20. Nxc6 bxc6
21. Bd4 Bb4+ 22. Bc3 Bc5 23. Bd4 Be7 24. Nc3 Bb4 25. c5 Rf5 26. Kd2 Rd5 27. Ke3
Bxc3 28. Bxc3 Rxc5 29. Kd4 Rd5+ 30. Kxe4 Rd1 31. g3 c5 32. Ke3 Bb7 33. Rg1 d5
34. Ke2 Rb1 35. Be5 d4 36. Kf2 Rb2+ 37. Be2 Rc2 38. Ke1 Be4 39. Bg4 Bf5 40.
Bxf5 exf5 41. Rf1 g6 42. Rf2 Rc1+ 43. Kd2 Ra1 44. Kd3 Kf7 45. Bd6 Ra3+ 46. Kc4
Rc3+ 47. Kd5 h5 48. Bxc5 h4 49. g4 d3 50. Be3 Ra3 51. gxf5 gxf5 52. Rxf5+ Kg6
53. Rf2 Kh5 54. Kc4 Kg4 55. Rd2 Kf3 56. Bc5 Ra6 57. Rxd3+ Kg2 58. Rd2+ Kh1 59.
Kd5 Ra5 60. Rc2 h3 61. Ke4 Ra2 62. Rxa2 1/2-1/2

[Event "ODJM A 2014"]
[Site "Magdeburg GER"]
[Date "2014.06.12"]
[Round "7"]
[White "Rietze, Clemens"]
[Black "Wenninger, Philipp"]
[Result "1/2-1/2"]
[Termination "normal"]
[Board "2"]
[WhiteTitle "FM"]
[WhiteElo "2288"]
[BlackElo "2251"]
[WhiteClock "00:13:35"]
[BlackClock "00:08:40"]
[PlyCount "48"]
[WhiteFideId "24620351"]
[BlackFideId "4648404"]
[EventCountry "GER"]
[EventRounds "9"]
[EventType "swiss"]
[EventDate "2014.06.07"]

1. d4 d5 2. c4 c6 3. Nf3 Nf6 4. Nc3 a6 5. c5 Bg4 6. Ne5 Bf5 7. f3 g6 8. e4 Be6
9. Be3 Bg7 10. Be2 O-O 11. O-O Ne8 12. Qa4 dxe4 13. fxe4 Bxe5 14. dxe5 Nd7 15.
Qd4 Qc7 16. Bf4 Ng7 17. Na4 Rfd8 18. Qc3 Ne8 19. b3 Rab8 20. Rac1 Ng7 21. Qg3
Nf8 22. Be3 Qa5 23. Qh4 Rd7 24. Rc2 Qb4 1/2-1/2

[Event "ODJM A 2014"]
[Site "Magdeburg GER"]
[Date "2014.06.12"]
[Round "7"]
[White "Meißner, Felix"]
[Black "Doberitz, Paul"]
[Result "1/2-1/2"]
[Termination "normal"]
[Board "3"]
[WhiteTitle "FM"]
[WhiteElo "2254"]
[BlackElo "2211"]
[WhiteClock "01:31:40"]
[BlackClock "01:32:31"]
[PlyCount "48"]
[WhiteFideId "24671827"]
[BlackFideId "24646130"]
[EventCountry "GER"]
[EventRounds "9"]
[EventType "swiss"]
[EventDate "2014.06.07"]

1. d4 Nf6 2. c4 g6 3. Nc3 d6 4. e4 Bg7 5. f4 O-O 6. Nf3 Na6 7. Be2 e5 8. dxe5
dxe5 9. Nxe5 Qxd1+ 10. Kxd1 Rd8+ 11. Kc2 Nc5 12. Bf3 Nfxe4 13. Nxe4 Bf5 14. Re1
Bxe5 15. fxe5 Rd4 16. Kc3 Rd3+ 17. Kc2 Rd4 18. Kc3 Rd3+ 19. Kb4 Na6+ 20. Ka5
b6+ 21. Kxa6 Bc8+ 22. Kb5 Bd7+ 23. Ka6 Bc8+ 24. Kb5 Bd7+ 1/2-1/2

[Event "ODJM A 2014"]
[Site "Magdeburg GER"]
[Date "2014.06.12"]
[Round "7"]
[White "Balazs, Balint"]
[Black "Cremer, Jan Paul"]
[Result "0-1"]
[Termination "normal"]
[Board "4"]
[WhiteElo "1846"]
[BlackElo "2211"]
[WhiteClock "01:06:41"]
[BlackClock "00:48:42"]
[PlyCount "84"]
[WhiteFideId "12922757"]
[BlackFideId "24686115"]
[EventCountry "GER"]
[EventRounds "9"]
[EventType "swiss"]
[EventDate "2014.06.07"]

1. e4 Nf6 2. Nc3 e5 3. Bc4 Nxe4 4. Nxe4 d5 5. Nf3 dxc4 6. Qe2 Nc6 7. Qxc4 Be6
8. Qe2 Be7 9. d3 Bg4 10. Be3 f5 11. Nc3 f4 12. Bd2 Nd4 13. Qd1 Qd7 14. Nxe5
Bxd1 15. Nxd7 Bh5 16. Bxf4 Kxd7 17. Kd2 Rhf8 18. Be3 Nf5 19. Ne4 Nxe3 20. Kxe3
Rae8 21. f3 Bg6 22. Rad1 Bxe4 23. dxe4+ Ke6 24. Rd3 Bc5+ 25. Ke2 Rd8 26. Rhd1
Rxd3 27. cxd3 Bd4 28. Rd2 c5 29. g3 g5 30. Rc2 a5 31. a4 Ke5 32. b3 Rf6 33. Rc1
Rb6 34. Rb1 Rb4 35. Kd2 b5 36. axb5 a4 37. Kc2 a3 38. Rf1 a2 39. f4+ gxf4 40.
gxf4+ Ke6 41. f5+ Kf6 42. e5+ Bxe5 0-1

[Event "ODJM A 2014"]
[Site "Magdeburg GER"]
[Date "2014.06.12"]
[Round "7"]
[White "Reisberg, Andre"]
[Black "Hirtreiter, Pierre"]
[Result "0-1"]
[Termination "normal"]
[Board "5"]
[WhiteElo "1989"]
[BlackElo "1810"]
[WhiteClock "00:13:26"]
[BlackClock "01:09:38"]
[PlyCount "58"]
[WhiteFideId "1270630"]
[BlackFideId "12966312"]
[EventCountry "GER"]
[EventRounds "9"]
[EventType "swiss"]
[EventDate "2014.06.07"]

1. Nf3 Nf6 2. e3 g6 3. c4 Bg7 4. d4 O-O 5. Bd3 c5 6. O-O cxd4 7. exd4 d5 8. Nc3
dxc4 9. Bxc4 Bg4 10. Be2 Nd5 11. h3 Nxc3 12. bxc3 Bxf3 13. Bxf3 Qc7 14. Ba3 Rd8
15. Qe2 Nc6 16. Rfe1 e6 17. Rab1 Rac8 18. Qb5 b6 19. Rbc1 Na5 20. Bb4 Nc4 21.
Be2 a5 22. Bxc4 Qxc4 23. Qxc4 Rxc4 24. Be7 Rdc8 25. Rb1 Rxc3 26. Rxb6 Rc2 27.
Bc5 e5 28. Rd1 exd4 29. Bxd4 Rc1 0-1

[Event "ODJM A 2014"]
[Site "Magdeburg GER"]
[Date "2014.06.12"]
[Round "7"]
[White "Stein, Daniel"]
[Black "van Klev, Fabian"]
[Result "1-0"]
[Termination "normal"]
[Board "6"]
[WhiteElo "1969"]
[BlackElo "1880"]
[WhiteClock "00:02:13"]
[BlackClock "00:30:56"]
[PlyCount "116"]
[WhiteFideId "12939307"]
[BlackFideId "12964255"]
[EventCountry "GER"]
[EventRounds "9"]
[EventType "swiss"]
[EventDate "2014.06.07"]

1. d4 Nf6 2. c4 e6 3. Nf3 b6 4. g3 Bb7 5. Bg2 Be7 6. Nc3 O-O 7. O-O d6 8. Re1
Nbd7 9. e4 e5 10. Qc2 c6 11. b3 Qc7 12. Bb2 Rfe8 13. Rad1 Rad8 14. Rd2 Bf8 15.
d5 c5 16. Rdd1 g6 17. a3 a6 18. Bc1 Bg7 19. Rf1 b5 20. cxb5 axb5 21. Nxb5 Qb6
22. Nc3 Ba6 23. Rfe1 Rb8 24. Nd2 Bh6 25. Ncb1 Rec8 26. Bf1 c4 27. Nxc4 Bxc4 28.
Bxc4 Bxc1 29. Rxc1 Nc5 30. b4 Ncxe4 31. Rxe4 Nxe4 32. Qxe4 Qa7 33. Rc3 f5 34.
Qc2 Rb7 35. Qb3 Rbc7 36. Bb5 Rxc3 37. Nxc3 e4 38. Bc6 e3 39. Nb5 exf2+ 40. Kf1
Qa6 41. a4 Kf8 42. Kxf2 Qb6+ 43. Qe3 Rxc6 44. dxc6 Qxc6 45. Nd4 Qxa4 46. Ne6+
Kg8 47. Ng5 Qa2+ 48. Qe2 Qa7+ 49. Kf1 h6 50. Qc4+ Kg7 51. Qc3+ Kg8 52. Ne6 Qa6+
53. Ke1 Qb7 54. Qg7+ Qxg7 55. Nxg7 Kf7 56. b5 Ke7 57. Kd2 d5 58. Kc3 Kd6 1-0

[Event "ODJM A 2014"]
[Site "Magdeburg GER"]
[Date "2014.06.12"]
[Round "7"]
[White "Maar, Samuel"]
[Black "Lüßmann, Thomas"]
[Result "0-1"]
[Termination "normal"]
[Board "7"]
[WhiteElo "1765"]
[BlackElo "1893"]
[PlyCount "164"]
[WhiteFideId "12952591"]
[BlackFideId "1270602"]
[EventCountry "GER"]
[EventRounds "9"]
[EventType "swiss"]
[EventDate "2014.06.07"]

1. c4 e5 2. g3 Nf6 3. Bg2 c6 4. d4 exd4 5. Qxd4 Na6 6. Nc3 Bc5 7. Qe5+ Be7 8.
Bg5 O-O 9. Ne4 Nb4 10. Rc1 d6 11. Qf4 Nxe4 12. Bxe7 Qxe7 13. Qxe4 Qxe4 14. Bxe4
Nxa2 15. Rd1 Rd8 16. Nf3 f6 17. Nd4 Nb4 18. O-O g6 19. Rd2 Kf7 20. Bg2 Be6 21.
b3 Ke7 22. e4 c5 23. Nb5 a6 24. Nc7 Rac8 25. Nxe6 Kxe6 26. Bh3+ f5 27. Re1 Kf6
28. exf5 gxf5 29. Rde2 Nc6 30. Re6+ Kf7 31. Bxf5 Rc7 32. Rh6 Kg8 33. Re4 Nd4
34. Rg4+ Kh8 35. Be4 Nxb3 36. Bd5 Rcd7 37. Rgh4 Nd4 38. Be4 b5 39. cxb5 axb5
40. Kg2 b4 41. Bxh7 Kg7 42. Rg6+ Kf8 43. Rf4+ Ke8 44. Rg8+ Ke7 45. Rg7+ Ke6 46.
Bg8+ Rxg8 47. Rxg8 Rb7 48. Re8+ Kd5 49. Re1 b3 50. Rb1 b2 51. Kf1 Kc4 52. Ke1
Kb3 53. h4 Kc2 54. Rxb2+ Rxb2 55. Kf1 Kd3 56. h5 Rb7 57. Rh4 c4 58. g4 Nf3 59.
Rh3 Ke4 60. Kg2 Ng5 61. Re3+ Kf4 62. Rc3 d5 63. Rc2 Kxg4 64. Rd2 Rd7 65. h6 Kh5
66. f4 Ne6 67. h7 Nxf4+ 68. Kf3 Ng6 69. Rh2+ Kg5 70. Rg2+ Kf5 71. Rxg6 Rxh7 72.
Rd6 Rh3+ 73. Kg2 Rd3 74. Kf2 Ke4 75. Ke2 Rh3 76. Rf6 Rh2+ 77. Kd1 d4 78. Rf1 d3
79. Rf8 Kd4 80. Rf1 c3 81. Rg1 c2+ 82. Kc1 Kc3 0-1

[Event "ODJM A 2014"]
[Site "Magdeburg GER"]
[Date "2014.06.12"]
[Round "7"]
[White "Nahnsen, Kenneth"]
[Black "Zeller, Elisa"]
[Result "1/2-1/2"]
[Termination "normal"]
[Board "8"]
[WhiteElo "1729"]
[BlackElo "1921"]
[PlyCount "55"]
[WhiteFideId "12957119"]
[BlackFideId "24662410"]
[EventCountry "GER"]
[EventRounds "9"]
[EventType "swiss"]
[EventDate "2014.06.07"]

1. e4 e6 2. d4 d5 3. Nc3 Bb4 4. Nge2 dxe4 5. a3 Be7 6. Nxe4 Nf6 7. N2g3 Nbd7 8.
Bd3 O-O 9. O-O b6 10. Nxf6+ Nxf6 11. Qf3 Rb8 12. c3 Bb7 13. Ne4 Kh8 14. Qe2 c5
15. Nxf6 Bxf6 16. dxc5 Qd5 17. f3 Qxc5+ 18. Be3 Qc7 19. Kh1 Rbd8 20. Rad1 Bc6
21. Bc2 Bd5 22. Rd2 Be5 23. h3 Bf6 24. Rfd1 Bc6 25. Rxd8 Rxd8 26. Rxd8+ Qxd8
27. Qd3 Qxd3 28. Bxd3 1/2-1/2

[Event "ODJM A 2014"]
[Site "Magdeburg GER"]
[Date "2014.06.12"]
[Round "7"]
[White "Giraud, Valerian"]
[Black "Wieber, Dominik"]
[Result "1-0"]
[Termination "normal"]
[Board "9"]
[WhiteElo "2004"]
[BlackElo "1845"]
[PlyCount "61"]
[WhiteFideId "12920355"]
[BlackFideId "24699012"]
[EventCountry "GER"]
[EventRounds "9"]
[EventType "swiss"]
[EventDate "2014.06.07"]

1. d4 d5 2. c4 c6 3. Nf3 Nf6 4. Nc3 e6 5. Bg5 Nbd7 6. cxd5 exd5 7. e3 Be7 8.
Bd3 h6 9. Bf4 Nh5 10. Be5 Nxe5 11. Nxe5 Nf6 12. O-O Be6 13. Rb1 Bd6 14. f4 Qc8
15. f5 Bd7 16. e4 dxe4 17. Nxe4 Nxe4 18. Bxe4 Qc7 19. Nxd7 Qxd7 20. d5 c5 21.
Qd3 f6 22. Rbe1 O-O-O 23. Bf3 Qc7 24. h3 Rhe8 25. Re6 Be5 26. b3 Qd7 27. Rc1
Kb8 28. Rxc5 Rxe6 29. fxe6 Qxe6 30. dxe6 Rxd3 31. Rxe5 1-0

[Event "ODJM A 2014"]
[Site "Magdeburg GER"]
[Date "2014.06.12"]
[Round "7"]
[White "Wastian, Jan"]
[Black "Bart, Simon"]
[Result "0-1"]
[Termination "normal"]
[Board "10"]
[WhiteElo "1647"]
[BlackElo "2027"]
[PlyCount "68"]
[WhiteFideId "12911640"]
[BlackFideId "24637327"]
[EventCountry "GER"]
[EventRounds "9"]
[EventType "swiss"]
[EventDate "2014.06.07"]

1. e4 c5 2. c3 d5 3. exd5 Qxd5 4. d4 Nc6 5. Nf3 Bg4 6. Be2 cxd4 7. cxd4 e6 8.
Nc3 Bb4 9. O-O Bxc3 10. bxc3 Nf6 11. Ba3 Ne4 12. Qc2 f5 13. c4 Qa5 14. Qb3 Nc3
15. Bd1 O-O-O 16. Bb2 Ne4 17. Qe3 Rhe8 18. Ng5 Nd2 19. Bc3 Nxf1 20. Qxe6+ Rxe6
21. Bxa5 Nxa5 22. Nxe6 Rd6 23. Nxg7 Nd2 24. f3 Rg6 25. fxg4 Rxg7 26. gxf5 Ndxc4
27. Bh5 Ne3 28. f6 Rxg2+ 29. Kh1 Rf2 30. f7 Kd8 31. Re1 Nac4 32. d5 Ke7 33. Rg1
Rf1 34. d6+ Nxd6 0-1

[Event "ODJM A 2014"]
[Site "Magdeburg GER"]
[Date "2014.06.12"]
[Round "7"]
[White "Heldt, Nils-Lennart"]
[Black "Alten, Silvio"]
[Result "0-1"]
[Termination "normal"]
[Board "11"]
[WhiteElo "1593"]
[BlackElo "1890"]
[PlyCount "44"]
[WhiteFideId "12952109"]
[BlackFideId "24660078"]
[EventCountry "GER"]
[EventRounds "9"]
[EventType "swiss"]
[EventDate "2014.06.07"]

1. e4 c5 2. Nf3 g6 3. d4 cxd4 4. Nxd4 Nf6 5. f3 Nc6 6. c4 Bg7 7. Be3 O-O 8. Nc3
Qb6 9. a3 Ng4 10. fxg4 Bxd4 11. Na4 Qa5+ 12. b4 Qe5 13. Bxd4 Nxd4 14. Nc3 f5
15. gxf5 Rxf5 16. Rc1 Rf4 17. g3 Nf3+ 18. Kf2 Rf7 19. Kg2 d6 20. Qd5 Qf6 21. h4
Ne1+ 22. Rxe1 Qf2# 0-1

[Event "ODJM A 2014"]
[Site "Magdeburg GER"]
[Date "2014.06.12"]
[Round "7"]
[White "Schmidt, Daniel"]
[Black "Gauchel, Lorenz"]
[Result "1/2-1/2"]
[Termination "normal"]
[Board "12"]
[WhiteElo "1775"]
[BlackElo "1766"]
[PlyCount "100"]
[WhiteFideId "12957950"]
[BlackFideId "12905283"]
[EventCountry "GER"]
[EventRounds "9"]
[EventType "swiss"]
[EventDate "2014.06.07"]

1. d4 d5 2. g3 Nf6 3. Bg2 c6 4. e3 Qc7 5. Ne2 Bg4 6. O-O Nbd7 7. b3 e5 8. dxe5
Qxe5 9. c3 Be7 10. Bb2 O-O 11. Nd2 Nc5 12. Nf3 Qc7 13. Qc2 Rad8 14. Nfd4 Qc8
15. Ba3 Rfe8 16. Rac1 Ncd7 17. Bxe7 Rxe7 18. Nf4 Nb6 19. a4 a5 20. c4 Be6 21.
cxd5 Nbxd5 22. Ndxe6 fxe6 23. Nxd5 exd5 24. Qc5 Qc7 25. Rfd1 Kf7 26. b4 axb4
27. Qxb4 Qd6 28. Rb1 Qxb4 29. Rxb4 Ra8 30. Rdb1 Ra7 31. Kf1 Ne8 32. e4 dxe4 33.
Bxe4 Nd6 34. Bf3 Re5 35. Rd4 Ke7 36. Rdb4 Rea5 37. Bd1 Kd7 38. Rg4 Nf5 39. Bc2
g6 40. Rg5 Nd6 41. Rxa5 Rxa5 42. Rb4 Rh5 43. Kg2 c5 44. Rf4 Kc6 45. Bd1 Re5 46.
Rh4 Re7 47. Bb3 Nf5 48. Rf4 Nd6 49. Rh4 Nf5 50. Rf4 Nd6 1/2-1/2

[Event "ODJM A 2014"]
[Site "Magdeburg GER"]
[Date "2014.06.12"]
[Round "7"]
[White "Carow, Annelen"]
[Black "Hinrichs, Niklas"]
[Result "1-0"]
[Termination "normal"]
[Board "13"]
[WhiteElo "2044"]
[BlackElo "1711"]
[PlyCount "107"]
[WhiteFideId "24692492"]
[BlackFideId "12942499"]
[EventCountry "GER"]
[EventRounds "9"]
[EventType "swiss"]
[EventDate "2014.06.07"]

1. d4 d5 2. c4 c6 3. e3 Nf6 4. Nf3 e6 5. Nbd2 Nbd7 6. Bd3 b6 7. O-O Bb7 8. Qe2
Be7 9. b3 O-O 10. e4 dxe4 11. Nxe4 c5 12. Bb2 cxd4 13. Nxd4 Nc5 14. Nxc5 Bxc5
15. Nf3 Qe7 16. Ng5 h6 17. Bxf6 gxf6 18. Ne4 f5 19. Nxc5 Qxc5 20. Rae1 Kh7 21.
Qe3 Rg8 22. f3 Rad8 23. Qxc5 bxc5 24. Bc2 Rd2 25. Rf2 Rgd8 26. Rfe2 Kg7 27. Kf2
Kf6 28. f4 R2d4 29. g3 R4d6 30. Re5 Rc8 31. R1e2 Ra6 32. Bb1 Rd6 33. Ke1 Bf3
34. Rd2 Rxd2 35. Kxd2 Bg4 36. Kc3 Ke7 37. Bd3 f6 38. Re3 a5 39. Bf1 Bh5 40. h3
Rd8 41. Bd3 Kd6 42. a3 Rb8 43. Bc2 Rb7 44. Rd3+ Ke7 45. Rd2 Bf3 46. Rf2 Bc6 47.
Re2 Bf3 48. Re3 Bc6 49. Bxf5 Bd7 50. Bxe6 Bxe6 51. f5 Rb6 52. Rxe6+ Rxe6 53.
fxe6 Kxe6 54. b4 1-0

[Event "ODJM A 2014"]
[Site "Magdeburg GER"]
[Date "2014.06.12"]
[Round "7"]
[White "Pohl, Steffen"]
[Black "Borchert, Louis"]
[Result "0-1"]
[Termination "normal"]
[Board "14"]
[WhiteElo "1712"]
[BlackElo "1869"]
[PlyCount "56"]
[WhiteFideId "12987824"]
[BlackFideId "12990680"]
[EventCountry "GER"]
[EventRounds "9"]
[EventType "swiss"]
[EventDate "2014.06.07"]

1. e4 e5 2. Nf3 Nc6 3. Bc4 Bc5 4. b4 d5 5. exd5 Nxb4 6. c3 Nxd5 7. Nxe5 c6 8.
O-O Ngf6 9. d4 Be7 10. Qc2 O-O 11. f4 Ng4 12. Rf3 f5 13. Rh3 Be6 14. Nxg4 fxg4
15. Qxh7+ Kf7 16. Rd3 Rh8 17. Qe4 Rh5 18. Rd1 Qh8 19. Re1 Qc8 20. Bxd5 cxd5 21.
Qe3 Qd7 22. Ba3 Bxa3 23. Nxa3 Rah8 24. Qg3 Rxh2 25. Kf2 R8h3 26. Qxh3 gxh3 27.
Kg3 Rxg2+ 28. Kf3 Bg4+ 0-1

[Event "ODJM A 2014"]
[Site "Magdeburg GER"]
[Date "2014.06.12"]
[Round "7"]
[White "Laubrock, Paul"]
[Black "Garbuz, Vitaliy"]
[Result "0-1"]
[Termination "normal"]
[Board "15"]
[WhiteElo "1779"]
[BlackElo "1627"]
[PlyCount "88"]
[WhiteFideId "1270509"]
[BlackFideId "12990710"]
[EventCountry "GER"]
[EventRounds "9"]
[EventType "swiss"]
[EventDate "2014.06.07"]

1. d4 d5 2. Nc3 f5 3. Qd3 Nf6 4. f3 e6 5. e4 fxe4 6. fxe4 Bb4 7. e5 Ne4 8. Nf3
O-O 9. Bd2 Nxd2 10. Qxd2 Qe8 11. Bd3 Qh5 12. O-O-O c5 13. a3 Bxc3 14. Qxc3 c4
15. Be2 Nc6 16. Qd2 b5 17. Rhg1 Bd7 18. g4 Qf7 19. h4 a5 20. h5 b4 21. a4 b3
22. cxb3 cxb3 23. Qd3 Rab8 24. Rdf1 Qe7 25. g5 Qb4 26. h6 g6 27. Rg4 Rfc8 28.
Kd1 Qxa4 29. Ke1 Nb4 30. Qd2 Rc2 31. Qe3 Qa1+ 32. Kf2 Qxb2 33. Ne1 Rf8+ 34. Nf3
Rxe2+ 35. Qxe2 Qxe2+ 36. Kxe2 Bb5+ 37. Kd1 Bxf1 38. Nd2 a4 39. Rg3 Bd3 40. Kc1
Rc8+ 41. Kd1 b2 42. Ke1 Rc1+ 43. Kf2 b1=Q 44. Nxb1 Rxb1 0-1

[Event "ODJM A 2014"]
[Site "Magdeburg GER"]
[Date "2014.06.12"]
[Round "7"]
[White "Acikel, Mert"]
[Black "Biefel, Christian"]
[Result "1/2-1/2"]
[Termination "normal"]
[Board "16"]
[WhiteElo "1707"]
[BlackElo "1774"]
[PlyCount "40"]
[WhiteFideId "12956465"]
[BlackFideId "24692646"]
[EventCountry "GER"]
[EventRounds "9"]
[EventType "swiss"]
[EventDate "2014.06.07"]

1. e4 c6 2. c4 d5 3. exd5 cxd5 4. cxd5 Qxd5 5. Nc3 Qe5+ 6. Be2 Nf6 7. Nf3 Qa5
8. d4 e6 9. O-O Be7 10. Qb3 O-O 11. Bc4 Rd8 12. Rd1 a6 13. Bd2 Qc7 14. Rac1 b5
15. Bf1 Qb6 16. Na4 Qb7 17. Nc5 Qb6 18. Na4 Qb7 19. Nc5 Qb6 20. Na4 Qb7 1/2-1/2

[Event "ODJM A 2014"]
[Site "Magdeburg GER"]
[Date "2014.06.12"]
[Round "7"]
[White "Hartmann, Jakob"]
[Black "Cejda, Moritz"]
[Result "1-0"]
[Termination "normal"]
[Board "17"]
[WhiteElo "1717"]
[BlackElo "1438"]
[PlyCount "79"]
[WhiteFideId "12918067"]
[BlackFideId "12925152"]
[EventCountry "GER"]
[EventRounds "9"]
[EventType "swiss"]
[EventDate "2014.06.07"]

1. e4 e6 2. d4 d5 3. Nc3 Nf6 4. Bg5 Be7 5. e5 Nfd7 6. Bxe7 Qxe7 7. f4 c5 8. Nb5
Kd8 9. Nf3 a6 10. Nd6 f6 11. c3 Nc6 12. Bd3 fxe5 13. fxe5 cxd4 14. cxd4 Nxd4
15. Nxd4 Nxe5 16. O-O Qxd6 17. Kh1 Bd7 18. a4 Qb6 19. Bc2 Nc4 20. Qg4 g6 21. b3
Kc7 22. bxc4 Rhf8 23. cxd5 e5 24. Ne6+ Kd6 25. Rfb1 Qa5 26. Qg3 Bxe6 27. dxe6
Rac8 28. Rd1+ Kxe6 29. Qh3+ Kf6 30. Qh4+ Kg7 31. Rd7+ Rf7 32. Rxf7+ Kxf7 33.
Qxh7+ Ke6 34. Qxg6+ Kd5 35. Bb3+ Kd4 36. Qg4+ e4 37. Qxc8 e3 38. Rd1+ Ke4 39.
Bd5+ Ke5 40. Qe6+ 1-0

[Event "ODJM A 2014"]
[Site "Magdeburg GER"]
[Date "2014.06.12"]
[Round "7"]
[White "Peters, Florian"]
[Black "Thumm, Felix"]
[Result "1-0"]
[Termination "normal"]
[Board "18"]
[WhiteElo "1755"]
[BlackElo "1755"]
[PlyCount "83"]
[WhiteFideId "12952028"]
[BlackFideId "12902209"]
[EventCountry "GER"]
[EventRounds "9"]
[EventType "swiss"]
[EventDate "2014.06.07"]

1. c4 b6 2. Nc3 Bb7 3. e4 e6 4. Nf3 c5 5. g3 Nc6 6. Bg2 Nf6 7. O-O Be7 8. d3 h6
9. Be3 a6 10. d4 cxd4 11. Nxd4 Nxd4 12. Bxd4 Qc7 13. e5 Bxg2 14. Kxg2 Nh7 15.
Qe2 Ng5 16. h4 Nh7 17. Rfd1 Nf8 18. Ne4 Ng6 19. Nd6+ Bxd6 20. exd6 Qxd6 21. h5
Qc6+ 22. Qf3 Ne7 23. Bxg7 Rh7 24. Bf6 Qxf3+ 25. Kxf3 Rc8 26. Rd6 b5 27. Rad1
Rc7 28. Rxa6 bxc4 29. Rdd6 Nc8 30. Ra8 Rc5 31. g4 Rc7 32. a4 e5 33. a5 c3 34.
bxc3 Rxc3+ 35. Ke4 Rc4+ 36. Kxe5 Rc5+ 37. Kd4 Rc1 38. Ke3 Rg7 39. Rxc8+ Rxc8
40. Bxg7 Ra8 41. Bc3 Ke7 42. Rxh6 1-0

[Event "ODJM A 2014"]
[Site "Magdeburg GER"]
[Date "2014.06.12"]
[Round "7"]
[White "Usczeck, Alina"]
[Black "Teichert, Felix"]
[Result "1/2-1/2"]
[Termination "normal"]
[Board "19"]
[WhiteElo "1566"]
[BlackElo "1686"]
[PlyCount "64"]
[WhiteFideId "12938114"]
[BlackFideId "12987670"]
[EventCountry "GER"]
[EventRounds "9"]
[EventType "swiss"]
[EventDate "2014.06.07"]

1. e4 c5 2. Nf3 d6 3. Bb5+ Bd7 4. Bxd7+ Qxd7 5. O-O Nf6 6. Re1 Nc6 7. c3 g6 8.
d4 cxd4 9. cxd4 e5 10. Nc3 Bg7 11. dxe5 dxe5 12. a3 Rd8 13. Qxd7+ Rxd7 14. Be3
O-O 15. Red1 Rfd8 16. Rxd7 Rxd7 17. Kf1 Ng4 18. Bg5 h6 19. Bh4 Nf6 20. h3 Ne8
21. Ke2 f5 22. Bg3 Nd4+ 23. Nxd4 exd4 24. Rd1 Re7 25. Nb5 a6 26. Nd6 Nxd6 27.
Bxd6 Rxe4+ 28. Kd3 Kf7 29. Rc1 Re6 30. Bb8 Rb6 31. b4 a5 32. Bc7 Rb5 1/2-1/2